000 00618nam a2200193Ii 4500
003 JO-AjNU
008 230605s9999||||xx |||||||||||||| ||und||
040 _aJO-AjNU
_bara
_erda
_cJO-AjNU
041 _aara
050 1 4 _aQK731.A22
100 3 _aمحمد ، عبدالعظيم كاظم,
_eauthor
_99542
245 0 0 _aمبادئ تغذية النبات
264 3 1 _aجامعة الموصل:وزارة البحث العلمي ، 1900
300 _a245ص
336 _atext
_btxt
_2rdacontent
337 _aunmediated
_bn
_2rdamedia
338 _avolume
_bnc
_2rdacarrier
650 4 _aالنبات - التغذية
_99543
999 _aA1354
_c4922
_d4922